000
00306nam a2200133Ia 4500
005
20260326235451.0
008
260326s9999||||xx |||||||||||||| ||und||
100
_a
Rouillard, Patrick
245
0
_a
Colombia /
_c
Patrick Rouillard
260
_b
Colima
300
_a
240 p.
650
_a
COLOMBIA
942
_c
BK
999
_c
7783
_d
7783